000 01364nam a2200361 a 4500
001 000109008
003 CHAP
005 20220329144033.0
008 140327s2013 mx a sm |||||||spa d
010 _a105470
011 _a106442
040 _cCHAP
090 _aTesis
100 0 0 _aAlvarez Cisneros, Edgar Abel.
_94889
245 1 0 _aAnálisis del los flujos de inversión extranjera directa hacia México durante el periodo 1999-2012
_h[En línea]
_cpor Edgar Abel Alvarez Cisneros.
260 _aChapingo, Méx. :
_bEl autor.,
_c2013.
500 _aPara ver el contenido del material haga clic en la liga
502 _aTesis (Lic. en Económia Agrícola) -- UACH. División de Ciencias Económico Administrativas
590 _aBATCH-UPD
_b05
_c20141002
_lUCH01
_h0859
590 _aBATCH
_b00
_c20181121
_lUCH01
_h0758
590 _aE5652GLJ
_b05
_c20140327
_lUCH01
_h1418
590 _aE5652GLJ
_b05
_c20140327
_lUCH01
_h1419
590 _aE5652GLJ
_b05
_c20141029
_lUCH01
_h1251
590 _aE5652GLJ
_b05
_c20141029
_lUCH01
_h1251
650 1 4 _aDesarrollo económico
_zMéxico.
_9126104
650 1 4 _aIndustria maquiladora
_zMéxico.
_957903
650 1 4 _aInversiones extranjeras
_xMéxico.
_960200
856 _a1
_n0000276
856 _aFinding aid
_uhttp://10.13.5.2/tesis/sist109008.pdf
_zTeclea aquí
901 _aBK
942 _cTESIS
942 _n0
999 _c105470
_d105470